000 00709nam a2200205 i 4500
001 69540
003 ES-MaACL
005 20230906170538.0
007 t|
008 040707s1947 sp ||||1| spa d
100 1 _aGarcía Dihinx, Federico.
_954545
245 1 0 _aCifosis dorsal del adolescente (enfermedad de Scheuermann)
_b: Insuficiencia vertebral (enfermedad de Schanz) /
_cGarcía Dihinx.
250 _a1ª ed.
260 _aBarcelona :
_bSalvat,
_c1947 (
_fImp. Hispano-Americana)
300 _a166 p. :
_bil. ;
_c23 cm.
490 1 _aManuales de medicina práctica ;
_v95
830 0 _aManuales de medicina práctica ;
_v95
_9181070
852 _aES-MaACL
_jD-7632
_bR.27166
999 _c69540
_d69540